00668nam a2200181 i 450000100060000000300090000600500170001500700030003200800410003510000270007624500950010325000280019826000680022630000220029485200320031699900170034895201210036586943ES-MaACL20230906175545.0t|041216s1942 gw ||||1| ger d1 aKommerell, Max.96854110aGeits und buchstabe der dichtung b: Goethe, Schiller, Keist, Holdenlin / cMax Kommerell. a2e ed. durch. und verm. aFrankfurt am Main : bVittorio Klostermann, c1942 (fH. Laupp) a314 p. ; c19 cm. aES-MaACLjF-16338 bR.21100 c86943d86943 00104070aATENEOMbATENEOMcSPP2d2008-01-17eSCl0oF-16338p1090840r2023-02-23 00:00:00w2023-02-23yMONOGRAFIA